[Event "32. Copenhagen Open (Politiken Cup)"]
[Site "Elsinore"]
[Date "2010.08.02"]
[Round "4"]
[White "Hansen, Sune Berg"]
[Black "Bejtovic, Jasmin"]
[Result "1/2-1/2"]
[WhiteElo "2595"]
[BlackElo "2382"]
[PlyCount "139"]
[EventDate "2010.07.31"]
[EventType "swiss"]
[EventRounds "10"]
[EventCountry "DEN"]
[Source "ChessBase"]
[SourceDate "2010.09.01"]

1. e4 c5 2. Nf3 Nc6 3. d4 cxd4 4. Nxd4 g6 5. c4 Nf6 6. Nc3 d6 7. Be2 Nxd4 8.
Qxd4 Bg7 9. Be3 O-O 10. Qd2 Be6 11. Rc1 Qa5 12. f3 Rfc8 13. b3 a6 14. Na4 Qxd2+
15. Kxd2 Nd7 16. g4 f5 17. exf5 gxf5 18. h3 Rf8 19. f4 Rad8 20. Nc3 Nf6 21.
Rhg1 d5 22. cxd5 Nxd5 23. Nxd5 Bxd5 24. Ke1 fxg4 25. hxg4 Rc8 26. Kf2 Bb2 27.
Rcd1 e6 28. Kg3 Rc3 29. Rd3 Rfc8 30. Rgd1 Rxd3 31. Bxd3 Bf6 32. g5 Be7 33. Rd2
Bd6 34. Rh2 Rc7 35. Bd4 Rf7 36. Bf6 e5 37. Kg4 exf4 38. Bf5 Bb4 39. Be5 Bf3+
40. Kxf4 Rf8 41. Rc2 Bc6 42. Bf6 Re8 43. Bd3 Bd6+ 44. Kg4 Bd7+ 45. Kf3 Bc6+ 46.
Kf2 Bg3+ 47. Kxg3 Re3+ 48. Kf4 Rxd3 49. Ke5 Kf7 50. Rh2 Rd5+ 51. Kf4 Kg8 52.
Re2 Rd7 53. Kf5 Kf8 54. Ke6 Ke8 55. Rc2 Bd5+ 56. Ke5 Bc6 57. Rh2 Bb5 58. Ke6
Bd3 59. Rh3 Bg6 60. Re3 Rd2 61. Re1 Rd3 62. Re2 Rd7 63. b4 Rd3 64. a4 Bh5 65.
Re1 Rd1 66. Re3 Bg4+ 67. Ke5 Kd7 68. a5 Bh5 69. Bg7 Bg6 70. Re2 1/2-1/2

[Event "32. Copenhagen Open (Politiken Cup)"]
[Site "Elsinore"]
[Date "2010.08.02"]
[Round "4"]
[White "Haubro, Martin"]
[Black "Ochsner, Bjorn Moller"]
[Result "1/2-1/2"]
[WhiteElo "1991"]
[BlackElo "2165"]
[PlyCount "123"]
[EventDate "2010.07.31"]
[EventType "swiss"]
[EventRounds "10"]
[EventCountry "DEN"]
[Source "ChessBase"]
[SourceDate "2010.09.01"]

1. e4 c5 2. Nf3 e6 3. d4 cxd4 4. Nxd4 Nc6 5. Nxc6 bxc6 6. Bd3 Nf6 7. e5 Nd5 8.
O-O Qc7 9. Re1 c5 10. c4 Nb4 11. Be4 Rb8 12. f4 Ba6 13. b3 Be7 14. Bb2 Nc6 15.
Nd2 h5 16. Nf3 Bxc4 17. Rc1 Bb5 18. Qd2 Qb6 19. Kh1 h4 20. f5 h3 21. f6 gxf6
22. exf6 hxg2+ 23. Qxg2 Bf8 24. Ng5 Nd8 25. Rcd1 Rg8 26. h4 Bc6 27. Be5 d6 28.
Bxc6+ Qxc6 29. Qxc6+ Nxc6 30. Bxd6 Bxd6 31. Rxd6 Nd4 32. Ra6 Rh8 33. Re4 Rb7
34. Ra5 Rc7 35. Kg2 Nf5 36. Nf3 Rg8+ 37. Ng5 Nxh4+ 38. Rxh4 Rxg5+ 39. Kf3 Kd7
40. Rd4+ Kc6 41. Rf4 Rd5 42. Ra6+ Kb5 43. Rfa4 Rb7 44. Ke3 Rf5 45. a3 Rb6 46.
Rxa7 Rxf6 47. Rc7 Rf5 48. Raa7 Ra6 49. Rab7+ Rb6 50. Rxf7 Rxf7 51. Rxf7 Kc6 52.
b4 cxb4 53. axb4 Rxb4 54. Rh7 Kd5 55. Rh8 Rb3+ 56. Ke2 e5 57. Rh4 Ra3 58. Rg4
Ra2+ 59. Ke3 Ra3+ 60. Ke2 Rh3 61. Ra4 e4 62. Ra8 1/2-1/2

[Event "32. Copenhagen Open (Politiken Cup)"]
[Site "Elsinore"]
[Date "2010.08.02"]
[Round "4"]
[White "Helin, Mikael"]
[Black "Skjoldager, Per"]
[Result "1/2-1/2"]
[WhiteElo "1930"]
[BlackElo "2137"]
[PlyCount "116"]
[EventDate "2010.07.31"]
[EventType "swiss"]
[EventRounds "10"]
[EventCountry "DEN"]
[Source "ChessBase"]
[SourceDate "2010.09.01"]

1. e4 c6 2. d4 d5 3. f3 e6 4. Be3 b6 5. Nd2 Bb7 6. c3 Nd7 7. e5 Ne7 8. Bd3 Qc7
9. f4 c5 10. Ngf3 Nc6 11. O-O Be7 12. f5 exf5 13. Bxf5 g6 14. e6 gxf5 15. exf7+
Kd8 16. Ng5 Nf8 17. Rxf5 Bd6 18. Qh5 Ne7 19. Rf6 Qd7 20. Raf1 Ba6 21. c4 Kc7
22. Qh6 Neg6 23. b3 Be7 24. R6f5 dxc4 25. bxc4 cxd4 26. Bf4+ Kb7 27. Bg3 Rc8
28. h4 Ne6 29. Rd5 Qc6 30. Nxe6 Qxe6 31. Re1 Qc6 32. Rxe7+ Nxe7 33. Rd6 Qa4 34.
Qe6 Nc6 35. Rd7+ Ka8 36. Rc7 Rxc7 37. Bxc7 Nb8 38. Bd6 Qd7 39. Qf6 Qd8 40. Qxh8
Qxh8 41. f8=Q Qxf8 42. Bxf8 Nc6 43. g4 Ne5 44. Bg7 Nxc4 45. Nxc4 Bxc4 46. a3 d3
47. Bc3 Kb7 48. g5 Kc6 49. Kf2 Kb5 50. Ke3 Ka4 51. Bb4 Kb3 52. Kd2 a5 53. Be7
b5 54. h5 Bf7 55. g6 hxg6 56. h6 Bg8 57. Kxd3 g5 58. Ke3 b4 1/2-1/2

[Event "32. Copenhagen Open (Politiken Cup)"]
[Site "Elsinore"]
[Date "2010.08.02"]
[Round "4"]
[White "Hillarp Persson, Tiger"]
[Black "Carstensen, Jacob"]
[Result "1-0"]
[WhiteElo "2538"]
[BlackElo "2295"]
[PlyCount "115"]
[EventDate "2010.07.31"]
[EventType "swiss"]
[EventRounds "10"]
[EventCountry "DEN"]
[Source "ChessBase"]
[SourceDate "2010.09.01"]

1. Nf3 Nf6 2. c4 e6 3. g3 d5 4. Bg2 Be7 5. O-O O-O 6. d4 Nbd7 7. Qc2 c6 8. Nbd2
b6 9. e4 Bb7 10. e5 Ne8 11. cxd5 cxd5 12. Re1 Rc8 13. Qa4 Bc6 14. Qb3 b5 15.
Bf1 Qb6 16. Bd3 b4 17. Nf1 Bb5 18. Bg5 Bd8 19. Bxd8 Rxd8 20. Bxb5 Qxb5 21. Rac1
f6 22. Qc2 Qb6 23. N1d2 fxe5 24. dxe5 g6 25. Qc6 Ng7 26. Kg2 h6 27. Nb3 g5 28.
Nfd4 Rf7 29. Qxb6 Nxb6 30. Rc6 Re7 31. Nc5 Rc8 32. Rxc8+ Nxc8 33. Na6 Rb7 34.
Rc1 Ne7 35. Rc7 Rxc7 36. Nxc7 Ng6 37. Nc6 Kf7 38. b3 Nf5 39. Na6 Nfe7 40. Naxb4
Ke8 41. Nxe7 Kxe7 42. Nd3 Kd7 43. Kf3 h5 44. Ke3 Kc6 45. h3 Ne7 46. g4 hxg4 47.
hxg4 Ng6 48. Kd4 Nh4 49. a4 a5 50. b4 axb4 51. Nxb4+ Kb6 52. Nxd5+ exd5 53.
Kxd5 Ng6 54. Ke6 Kc5 55. Kf6 Nf4 56. Kxg5 Nh3+ 57. Kf5 Nxf2 58. g5 1-0

[Event "32. Copenhagen Open (Politiken Cup)"]
[Site "Elsinore"]
[Date "2010.08.02"]
[Round "4"]
[White "Hvenekilde, Jorgen"]
[Black "Nielsen, Jens Holm"]
[Result "1-0"]
[WhiteElo "2111"]
[BlackElo "1901"]
[PlyCount "59"]
[EventDate "2010.07.31"]
[EventType "swiss"]
[EventRounds "10"]
[EventCountry "DEN"]
[Source "ChessBase"]
[SourceDate "2010.09.01"]

1. d4 d5 2. c4 c6 3. Nf3 g6 4. g3 Bg7 5. Bg2 Nf6 6. O-O O-O 7. Nc3 b6 8. b3 Bb7
9. Bb2 Nbd7 10. Qd3 Rc8 11. Rfd1 e6 12. e4 dxe4 13. Nxe4 Nxe4 14. Qxe4 Rc7 15.
Qe2 Qa8 16. Rab1 Re8 17. Rdc1 Rcc8 18. Ng5 Nf8 19. Re1 h6 20. Ne4 c5 21. d5 e5
22. Nd6 Nd7 23. f4 e4 24. Bxg7 Kxg7 25. Qb2+ Kg8 26. Rxe4 Nf8 27. Nxe8 Rxe8 28.
Rxe8 Qxe8 29. Rc1 Qd7 30. Re1 1-0

[Event "32. Copenhagen Open (Politiken Cup)"]
[Site "Elsinore"]
[Date "2010.08.02"]
[Round "4"]
[White "Hyldkrog, Lars"]
[Black "Sjol, Henrik"]
[Result "1/2-1/2"]
[WhiteElo "2044"]
[BlackElo "1849"]
[PlyCount "60"]
[EventDate "2010.07.31"]
[EventType "swiss"]
[EventRounds "10"]
[EventCountry "DEN"]
[Source "ChessBase"]
[SourceDate "2010.09.01"]

1. e4 c6 2. d4 d5 3. Nc3 dxe4 4. Nxe4 Bf5 5. Ng3 Bg6 6. Nf3 Nd7 7. h4 h6 8. h5
Bh7 9. Bd3 Bxd3 10. Qxd3 e6 11. Bd2 Qc7 12. O-O-O O-O-O 13. Qe2 Ngf6 14. Ne5
Nb6 15. Ba5 c5 16. Rh4 Kb8 17. Rd3 Nfd5 18. dxc5 Bxc5 19. Rg4 Bd6 20. Bxb6 axb6
21. Rc4 Qe7 22. Kb1 b5 23. Rg4 Qc7 24. f4 f5 25. Rxd5 exd5 26. Nxf5 Bxe5 27.
fxe5 Rhe8 28. e6 Qb6 29. Nd4 Rd6 30. c3 Rdxe6 1/2-1/2

[Event "32. Copenhagen Open (Politiken Cup)"]
[Site "Elsinore"]
[Date "2010.08.02"]
[Round "4"]
[White "Jacobsen, Bo"]
[Black "Sorensen, Dick"]
[Result "1-0"]
[WhiteElo "2335"]
[BlackElo "1949"]
[PlyCount "101"]
[EventDate "2010.07.31"]
[EventType "swiss"]
[EventRounds "10"]
[EventCountry "DEN"]
[Source "ChessBase"]
[SourceDate "2010.09.01"]

1. Nf3 Nf6 2. c4 c5 3. g3 Nc6 4. Bg2 e6 5. O-O d5 6. cxd5 exd5 7. d4 h6 8. Nc3
Be6 9. a3 Rc8 10. Re1 a6 11. dxc5 Bxc5 12. b4 Ba7 13. Bb2 O-O 14. Rc1 Bxf2+ 15.
Kxf2 Ng4+ 16. Kg1 Qb6+ 17. e3 Nxe3 18. Qe2 Nc2+ 19. Qf2 Qxf2+ 20. Kxf2 Nxe1 21.
Rxe1 b5 22. Ne2 a5 23. Bc3 axb4 24. axb4 Bg4 25. Rd1 Rfd8 26. Rd2 Bxf3 27. Bxf3
d4 28. Nxd4 Ne5 29. Ne2 Rxd2 30. Bxd2 Rc2 31. Bc3 Nd3+ 32. Ke3 Nc1 33. Bd4 Na2
34. Be4 Rc8 35. Bc5 Re8 36. Kd3 Rd8+ 37. Kc2 g6 38. Bd3 g5 39. Bxb5 Rb8 40. Nd4
Kg7 41. Kb2 Nxb4 42. Bxb4 h5 43. Bc3 f6 44. Kc2 Ra8 45. Nf5+ Kg6 46. Bd3 Ra2+
47. Bb2 Ra5 48. Nd6+ f5 49. Nxf5 Rxf5 50. h3 g4 51. h4 1-0

[Event "32. Copenhagen Open (Politiken Cup)"]
[Site "Elsinore"]
[Date "2010.08.02"]
[Round "4"]
[White "Jacobsen, Caroline Beer"]
[Black "Schmidt, Horst Hubert"]
[Result "0-1"]
[WhiteElo "1590"]
[BlackElo "1878"]
[PlyCount "102"]
[EventDate "2010.07.31"]
[EventType "swiss"]
[EventRounds "10"]
[EventCountry "DEN"]
[Source "ChessBase"]
[SourceDate "2010.09.01"]

1. e4 d6 2. d4 g6 3. Bc4 Bg7 4. h3 Nf6 5. Nc3 O-O 6. Bb3 c6 7. Bg5 Nbd7 8. Qd2
b5 9. a3 Bb7 10. Nge2 a5 11. Ng3 b4 12. Nce2 c5 13. d5 Ba6 14. O-O a4 15. Ba2
Nb6 16. Rfe1 Bc4 17. axb4 Nfd7 18. c3 cxb4 19. cxb4 a3 20. Bxc4 Nxc4 21. Qc2
Nxb2 22. Ra2 Nb6 23. Qb3 N6c4 24. Rc1 h6 25. Bf4 Qb6 26. Rxc4 Nxc4 27. Qxc4
Rfc8 28. Qb3 Bb2 29. Bxh6 Qc7 30. Be3 Qc4 31. Qxc4 Rxc4 32. b5 e5 33. b6 Rb4
34. Nf1 Rxe4 35. Nd2 Rb4 36. f3 f5 37. g4 Ra5 38. gxf5 gxf5 39. Kf2 Rxd5 40.
Kg2 Rd3 41. Bg5 Rxb6 42. Ng3 f4 43. Ngf1 d5 44. h4 Kh7 45. Kh3 e4 46. Bxf4 exf3
47. Kg3 Rg6+ 48. Bg5 Rb6 49. Nxf3 Be5+ 50. Kg2 Rb2+ 51. Rxb2 Bxb2 0-1

[Event "32. Copenhagen Open (Politiken Cup)"]
[Site "Elsinore"]
[Date "2010.08.02"]
[Round "4"]
[White "Jacobsen, Per"]
[Black "Solli, Oddvar"]
[Result "0-1"]
[WhiteElo "1689"]
[BlackElo "1914"]
[PlyCount "46"]
[EventDate "2010.07.31"]
[EventType "swiss"]
[EventRounds "10"]
[EventCountry "DEN"]
[Source "ChessBase"]
[SourceDate "2010.09.01"]

1. b3 d5 2. Bb2 Nd7 3. Nf3 Ngf6 4. e3 e6 5. Be2 Bd6 6. d4 O-O 7. O-O c6 8. Nbd2
Qe7 9. c4 Re8 10. cxd5 exd5 11. Qc2 Nf8 12. Bd3 Bg4 13. h3 Bh5 14. Nh4 Bb8 15.
Nf5 Qc7 16. g3 Bg6 17. Nh4 Rxe3 18. fxe3 Qxg3+ 19. Ng2 Qh2+ 20. Kf2 Bg3+ 21.
Ke2 Qxg2+ 22. Kd1 Re8 23. Nf3 Qxf1+ 0-1

[Event "32. Copenhagen Open (Politiken Cup)"]
[Site "Elsinore"]
[Date "2010.08.02"]
[Round "4"]
[White "Jensen, Hans Askov"]
[Black "Larsen, Bror Johannes"]
[Result "1/2-1/2"]
[WhiteElo "1600"]
[BlackElo "1750"]
[PlyCount "39"]
[EventDate "2010.07.31"]
[EventType "swiss"]
[EventRounds "10"]
[EventCountry "DEN"]
[Source "ChessBase"]
[SourceDate "2010.09.01"]

1. e4 e6 2. d4 d5 3. Nc3 Bb4 4. e5 c5 5. Nf3 Ne7 6. a3 Bxc3+ 7. bxc3 Nbc6 8.
Bb5 Bd7 9. Ng5 Ng6 10. O-O c4 11. Rb1 O-O 12. f4 f5 13. Nxh7 Kxh7 14. Qh5+ Kg8
15. Qxg6 Qe8 16. Qg5 a6 17. Bxc6 Bxc6 18. Rf3 Qd8 19. Qg6 Qe8 20. Qg5 1/2-1/2

[Event "32. Copenhagen Open (Politiken Cup)"]
[Site "Elsinore"]
[Date "2010.08.02"]
[Round "4"]
[White "Jensen, Ib"]
[Black "Knudsen, Joachim Holm"]
[Result "1-0"]
[WhiteElo "1970"]
[BlackElo "1756"]
[PlyCount "89"]
[EventDate "2010.07.31"]
[EventType "swiss"]
[EventRounds "10"]
[EventCountry "DEN"]
[Source "ChessBase"]
[SourceDate "2010.09.01"]

1. d4 d5 2. Bf4 e6 3. e3 Nf6 4. Nf3 Nbd7 5. Nbd2 Be7 6. Bd3 O-O 7. Ne5 Nxe5 8.
dxe5 Nd7 9. Qh5 f5 10. g4 Nc5 11. Be2 Qe8 12. Qh3 Bd7 13. gxf5 exf5 14. Rg1 Ne6
15. O-O-O a6 16. Bh5 g6 17. Nf3 Ng7 18. Bxg6 hxg6 19. Qh6 g5 20. Nxg5 Qh5 21.
Ne6 Qxh6 22. Bxh6 Rf7 23. Nxg7 Kh7 24. e6 Bxe6 25. Nxe6 Kxh6 26. Nxc7 Rc8 27.
Nxd5 Bh4 28. Rg2 Re8 29. Rdg1 Re5 30. Nf4 Re8 31. Ng6 Bxf2 32. Rxf2 Rxe3 33.
Rf4 Rh3 34. Rh4+ Rxh4 35. Nxh4 f4 36. Nf3 Re7 37. Rg4 Re4 38. Kd2 b5 39. c3 Kh5
40. Rg5+ Kh6 41. Re5 Rxe5 42. Nxe5 Kg5 43. Ke2 Kf5 44. Nd3 Ke4 45. Nc5+ 1-0

[Event "32. Copenhagen Open (Politiken Cup)"]
[Site "Elsinore"]
[Date "2010.08.02"]
[Round "4"]
[White "Jensen, Morten Frank"]
[Black "Wimo, Jorgen"]
[Result "1-0"]
[WhiteElo "2005"]
[BlackElo "1807"]
[PlyCount "85"]
[EventDate "2010.07.31"]
[EventType "swiss"]
[EventRounds "10"]
[EventCountry "DEN"]
[Source "ChessBase"]
[SourceDate "2010.09.01"]

1. e4 c5 2. a3 Nc6 3. b4 e5 4. Bb2 cxb4 5. Bc4 Nf6 6. Nf3 Bd6 7. O-O O-O 8.
axb4 Bxb4 9. c3 Bc5 10. d4 Bd6 11. Na3 a6 12. Bd3 Bc7 13. Nb5 d5 14. Nxc7 Qxc7
15. exd5 Nxd5 16. dxe5 Nf4 17. Ba3 Re8 18. Bd6 Qd7 19. Bc2 Qg4 20. g3 Nh3+ 21.
Kh1 Qh5 22. Ra4 Bg4 23. Rxg4 Qxg4 24. Qd3 g6 25. Bd1 Ng5 26. Nd2 Qd7 27. f4 Ne6
28. Ne4 Kg7 29. Nf6 Qd8 30. Nxe8+ Qxe8 31. f5 Ng5 32. h4 Rd8 33. hxg5 Kg8 34.
fxg6 hxg6 35. Qf3 Qe6 36. Kg2 Nxe5 37. Bxe5 Rd2+ 38. Kg1 Qb6+ 39. Bd4 Qe6 40.
Qxb7 Rxd4 41. cxd4 Qe3+ 42. Kg2 Qd2+ 43. Rf2 1-0

[Event "32. Copenhagen Open (Politiken Cup)"]
[Site "Elsinore"]
[Date "2010.08.02"]
[Round "4"]
[White "Jensen, Steen Dahlgaard"]
[Black "Guttulsrud, Odd Martin"]
[Result "0-1"]
[WhiteElo "1789"]
[BlackElo "2073"]
[PlyCount "72"]
[EventDate "2010.07.31"]
[EventType "swiss"]
[EventRounds "10"]
[EventCountry "DEN"]
[Source "ChessBase"]
[SourceDate "2010.09.01"]

1. Nf3 Nf6 2. d4 g6 3. c4 Bg7 4. Nc3 O-O 5. Bg5 d6 6. e4 c5 7. Qd2 Bg4 8. Be2
Bxf3 9. Bxf3 cxd4 10. Qxd4 Nc6 11. Qd2 Rc8 12. Be2 Na5 13. Bxf6 Bxf6 14. b3 b5
15. Rc1 bxc4 16. Nd5 cxb3 17. Rxc8 Qxc8 18. Nxf6+ exf6 19. O-O Qc5 20. axb3
Nxb3 21. Qd5 Qxd5 22. exd5 Rc8 23. Rb1 Rc1+ 24. Rxc1 Nxc1 25. Ba6 f5 26. Kf1
Nb3 27. Ke2 Kg7 28. Ke3 Kf6 29. f4 Nc5 30. Be2 Ke7 31. h4 Ne4 32. g4 Nc3 33. g5
Nxe2 34. Kxe2 Kd7 35. Kd3 Kc7 36. Kc4 Kb6 0-1

[Event "32. Copenhagen Open (Politiken Cup)"]
[Site "Elsinore"]
[Date "2010.08.02"]
[Round "4"]
[White "Jepson, Christian"]
[Black "Hector, Jonny"]
[Result "0-1"]
[WhiteElo "2394"]
[BlackElo "2584"]
[PlyCount "102"]
[EventDate "2010.07.31"]
[EventType "swiss"]
[EventRounds "10"]
[EventCountry "DEN"]
[Source "ChessBase"]
[SourceDate "2010.09.01"]

1. c4 Nf6 2. Nc3 e5 3. g3 Nc6 4. Bg2 Bc5 5. e3 d5 6. cxd5 Nb4 7. d4 exd4 8.
exd4 Be7 9. d6 Qxd6 10. Nge2 Bf5 11. O-O c6 12. a3 Nbd5 13. Nxd5 Nxd5 14. Nf4
Nf6 15. d5 Rd8 16. Be3 cxd5 17. Qa4+ Rd7 18. Rfd1 Be6 19. Qxa7 O-O 20. Qb6 Rc8
21. Qxd6 Rxd6 22. Bd4 Rc2 23. Rac1 Rdc6 24. Rxc2 Rxc2 25. f3 g5 26. Nd3 Nd7 27.
Bf1 Nb8 28. Rc1 Rxc1 29. Nxc1 Nc6 30. Bb6 Ne5 31. Kf2 Bf6 32. b4 h6 33. Nb3 Nc4
34. Bd4 Bxd4+ 35. Nxd4 Nxa3 36. Ke3 Kf8 37. Nb5 Nc2+ 38. Kd3 Nxb4+ 39. Kd4 Ke7
40. Kc5 Nc2 41. Bd3 Ne1 42. Be2 Kf6 43. Kd6 Nc2 44. Bd3 Nb4 45. Be2 Nc6 46. Nc3
Nd4 47. Bd1 Nf5+ 48. Kc7 Ke5 49. Nb5 d4 50. Kxb7 d3 51. Kb6 Ne3 0-1

[Event "32. Copenhagen Open (Politiken Cup)"]
[Site "Elsinore"]
[Date "2010.08.02"]
[Round "4"]
[White "Jessen, Ernst J"]
[Black "Jacobsen, Fredrik Beer"]
[Result "0-1"]
[WhiteElo "1771"]
[BlackElo "1955"]
[PlyCount "86"]
[EventDate "2010.07.31"]
[EventType "swiss"]
[EventRounds "10"]
[EventCountry "DEN"]
[Source "ChessBase"]
[SourceDate "2010.09.01"]

1. c4 e5 2. Nc3 Nf6 3. b3 d5 4. cxd5 Nxd5 5. Bb2 Nc6 6. e3 Be6 7. Bb5 Qd7 8.
Nge2 a6 9. Bxc6 Qxc6 10. O-O Bd6 11. Rc1 Qd7 12. Ne4 Nb4 13. d4 Nxa2 14. Nxd6+
cxd6 15. Ra1 Qb5 16. Nc3 Nxc3 17. Bxc3 Bxb3 18. Qd2 Qd5 19. Rfb1 b5 20. Qb2
exd4 21. Bxd4 Bc4 22. Ra5 f6 23. Rba1 Qb7 24. Qb4 Ke7 25. Rc1 Rhc8 26. f3 Qd5
27. Rca1 Rc6 28. Qa3 g5 29. Qb2 Qe6 30. Qb1 f5 31. Qb2 h5 32. Qd2 Bb3 33. Rxb5
axb5 34. Rxa8 Rc2 35. Ra7+ Ke8 36. Qe1 Qc4 37. Ra1 g4 38. fxg4 Qd5 39. Qg3 fxg4
40. h3 Qe4 41. Kh2 Bd5 42. Rg1 b4 43. hxg4 hxg4 0-1

[Event "32. Copenhagen Open (Politiken Cup)"]
[Site "Elsinore"]
[Date "2010.08.02"]
[Round "4"]
[White "Johansen, Johnny Holler"]
[Black "Seirup, Simon"]
[Result "1-0"]
[WhiteElo "1918"]
[BlackElo "1653"]
[PlyCount "57"]
[EventDate "2010.07.31"]
[EventType "swiss"]
[EventRounds "10"]
[EventCountry "DEN"]
[Source "ChessBase"]
[SourceDate "2010.09.01"]

1. e4 e6 2. d4 d5 3. Nd2 Nf6 4. Bd3 c5 5. c3 Nc6 6. Ngf3 Qb6 7. exd5 Nxd5 8.
Ne4 cxd4 9. cxd4 Bd7 10. O-O Nxd4 11. Nxd4 Qxd4 12. Qe2 Qb6 13. Bg5 f6 14. Qh5+
g6 15. Nxf6+ Nxf6 16. Bxg6+ Ke7 17. Bxf6+ Kxf6 18. h4 Qc5 19. Qf3+ Kxg6 20.
Qd3+ Qf5 21. Qxd7 Bc5 22. Rae1 Rae8 23. Qc7 h5 24. Qg3+ Kh6 25. Re5 Bxf2+ 26.
Rxf2 Qg6 27. Qf4+ Kh7 28. Qf7+ Qg7 29. Rxh5# 1-0

[Event "32. Copenhagen Open (Politiken Cup)"]
[Site "Elsinore"]
[Date "2010.08.02"]
[Round "4"]
[White "Jonsson, Lennart"]
[Black "Gundersen, Ingvar"]
[Result "1/2-1/2"]
[WhiteElo "2105"]
[BlackElo "1779"]
[PlyCount "340"]
[EventDate "2010.07.31"]
[EventType "swiss"]
[EventRounds "10"]
[EventCountry "DEN"]
[Source "ChessBase"]
[SourceDate "2010.09.01"]

1. d4 e6 2. Nf3 b6 3. e3 Bb7 4. Bd3 f5 5. O-O Nf6 6. b3 Bd6 7. Ba3 c5 8. Nbd2
Nc6 9. dxc5 bxc5 10. Nc4 Be7 11. Qe2 Qc7 12. Ncd2 Nb4 13. Bb2 Bd6 14. e4 Nxd3
15. cxd3 fxe4 16. dxe4 Bf4 17. g3 Bxd2 18. Nxd2 O-O 19. Rac1 d5 20. Bd4 Qf7 21.
Bxc5 Rfd8 22. e5 Ne4 23. Bd4 Ng5 24. Rc3 a5 25. Rfc1 Ba6 26. Qg4 Qg6 27. h4 Nf7
28. Qxg6 hxg6 29. Rc5 Rdc8 30. g4 g5 31. h5 Kf8 32. f3 Ke8 33. Kf2 Kd7 34. Ke3
Nd8 35. a3 Nc6 36. Bb2 Bb7 37. f4 gxf4+ 38. Kxf4 Rf8+ 39. Ke3 Rf7 40. Rb5 Kc7
41. Nf3 Ra6 42. Nd4 Bc8 43. Rbc5 Bd7 44. Bc3 Kb6 45. Rb5+ Ka7 46. Nxc6+ Bxc6
47. Rxa5 Rxa5 48. Bxa5 d4+ 49. Kxd4 Bb7 50. Bd2 Rd7+ 51. Ke3 Rf7 52. Bc3 Bd5
53. Bd4+ Kb7 54. Rc3 Rf3+ 55. Kd2 Rf4 56. Be3 Rxg4 57. h6 gxh6 58. Bxh6 Rg2+
59. Kc1 Rh2 60. Bf8 Rh1+ 61. Kd2 Rh2+ 62. Kd3 Rh4 63. Bd6 Kb6 64. Bc7+ Kb5 65.
Bd6 Rh3+ 66. Kc2 Rh2+ 67. Kb1 Be4+ 68. Ka1 Bd5 69. Rd3 Bc6 70. Bb4 Re2 71. Bc3
Kc5 72. Rd4 Bd5 73. b4+ Kc6 74. Rd2 Re3 75. Kb2 Re4 76. Kc1 Re3 77. Rc2 Kb7 78.
Kb2 Be4 79. Rd2 Bd5 80. Rh2 Kc6 81. Rd2 Kb7 82. a4 Re1 83. b5 Re4 84. Bd4 Bc4
85. Kc3 Bd5 86. Rh2 Re1 87. Rh7+ Kc8 88. Kb4 Rc1 89. Ka5 Rc4 90. Rh4 Kb7 91.
Rf4 Kc8 92. Rh4 Kb7 93. Rh7+ Kc8 94. Bb6 Kb8 95. Ba7+ Kc8 96. b6 Rc5+ 97. Kb4
Rc4+ 98. Kb5 Re4 99. a5 Rxe5 100. Rh8+ Kd7 101. Rh7+ Kc8 102. Rc7+ Kd8 103. Kc5
Bb3+ 104. Kd6 Rd5+ 105. Kc6 Ba4+ 106. Kb7 Rxa5 107. Rg7 Rc5 108. Rc7 Rd5 109.
Kb8 Rd7 110. Rc4 Bb5 111. Rc5 Ba6 112. Ra5 Bc8 113. Rh5 Ba6 114. Re5 Ke7 115.
Rh5 Kd6 116. Rh8 e5 117. Re8 Kc6 118. Re6+ Kd5 119. Re8 e4 120. b7 Rxb7+ 121.
Ka8 Rd7 122. Kb8 Bb7 123. Be3 Bc6 124. Rh8 Rf7 125. Rh5+ Kd6 126. Bc5+ Kd7 127.
Rh8 Rg7 128. Bd4 Rg5 129. Rh7+ Kd6 130. Rh6+ Kd5 131. Be3 Rf5 132. Bb6 Re5 133.
Be3 Re7 134. Rh5+ Ke6 135. Bd4 Kd7 136. Be3 Re8+ 137. Ka7 Rf8 138. Rh7+ Ke6
139. Rh6+ Kd5 140. Rh3 Kc4 141. Kb6 Bd5 142. Kc7 Rf6 143. Rg3 Rc6+ 144. Kd7 Ra6
145. Bf4 Be6+ 146. Kc7 Bf5 147. Kb7 Ra2 148. Kb6 Rb2+ 149. Kc6 Rc2 150. Kd6 Rf2
151. Be3 Rf1 152. Ke5 Bh7 153. Ke6 Rh1 154. Ke5 Rh5+ 155. Ke6 Ra5 156. Kd6 Bg6
157. Ke6 Bh5 158. Kd6 Bf3 159. Bf4 Rf5 160. Bc1 Kd3 161. Ke6 Rc5 162. Bf4 Rc2
163. Rg5 Ke2 164. Re5 Rc6+ 165. Ke7 Kf2 166. Re6 Rc5 167. Re5 Rc8 168. Kf7 Rh8
169. Kg7 Rh4 170. Bg5 Rg4 1/2-1/2

[Event "32. Copenhagen Open (Politiken Cup)"]
[Site "Elsinore"]
[Date "2010.08.02"]
[Round "4"]
[White "Jorgensen, Carina Eilegaard"]
[Black "Christensen, Christoffer Ellegaa"]
[Result "1-0"]
[WhiteElo "2038"]
[BlackElo "1771"]
[PlyCount "51"]
[EventDate "2010.07.31"]
[EventType "swiss"]
[EventRounds "10"]
[EventCountry "DEN"]
[Source "ChessBase"]
[SourceDate "2010.09.01"]

1. d4 d5 2. c4 e6 3. Nf3 Nf6 4. g3 c6 5. Bg2 Bd6 6. O-O Nbd7 7. b3 O-O 8. Bb2
Ne4 9. Nbd2 f5 10. Ne5 Bxe5 11. dxe5 Qc7 12. cxd5 exd5 13. Nxe4 fxe4 14. Qd4
Re8 15. f4 exf3 16. exf3 Rxe5 17. Qf4 g5 18. Bxe5 Qxe5 19. Qxe5 Nxe5 20. Rfe1
Ng6 21. Re8+ Kf7 22. Rae1 b6 23. Rd8 Ne7 24. Bh3 a5 25. Bxc8 Rxc8 26. Rxe7+ 1-0

[Event "32. Copenhagen Open (Politiken Cup)"]
[Site "Elsinore"]
[Date "2010.08.02"]
[Round "4"]
[White "Knudsen, Jes West"]
[Black "Larsen, Arne Walther"]
[Result "1-0"]
[WhiteElo "1985"]
[BlackElo "1804"]
[PlyCount "61"]
[EventDate "2010.07.31"]
[EventType "swiss"]
[EventRounds "10"]
[EventCountry "DEN"]
[Source "ChessBase"]
[SourceDate "2010.09.01"]

1. e4 c5 2. Nf3 Nc6 3. Bb5 g6 4. c3 Bg7 5. O-O a6 6. Bxc6 bxc6 7. Na3 d6 8. Re1
e5 9. Nc4 Be6 10. d3 Ne7 11. Ng5 Bc8 12. f4 f6 13. fxe5 dxe5 14. Nf3 Be6 15.
Be3 Bxc4 16. dxc4 O-O 17. Bxc5 Re8 18. Qa4 Qc7 19. Rad1 Nc8 20. b4 Nb6 21. Qb3
Kh8 22. Bd6 Qa7 23. c5 Nc8 24. Qa4 Re6 25. Bxe5 fxe5 26. Rd8+ Bf8 27. Rxf8+ Kg7
28. Rd8 a5 29. Red1 Nb6 30. Rxa8 Nxa8 31. Qxa5 1-0

[Event "32. Copenhagen Open (Politiken Cup)"]
[Site "Elsinore"]
[Date "2010.08.02"]
[Round "4"]
[White "Kopperberg, Steen"]
[Black "Porte, Henrik"]
[Result "0-1"]
[WhiteElo "1798"]
[BlackElo "2130"]
[PlyCount "68"]
[EventDate "2010.07.31"]
[EventType "swiss"]
[EventRounds "10"]
[EventCountry "DEN"]
[Source "ChessBase"]
[SourceDate "2010.09.01"]

1. d4 d5 2. Nf3 c6 3. c3 Bf5 4. Bf4 Nf6 5. e3 Qb6 6. Qb3 Qxb3 7. axb3 Nbd7 8.
b4 e6 9. Be2 Be7 10. Nbd2 Nh5 11. Bg3 Nxg3 12. hxg3 h6 13. O-O O-O 14. Ra2 a6
15. Rfa1 Rab8 16. Ne5 Nxe5 17. dxe5 f6 18. Nf3 Bg4 19. exf6 Rxf6 20. Nd4 Bxe2
21. Nxe2 e5 22. Nc1 Rbf8 23. f3 e4 24. f4 c5 25. bxc5 Bxc5 26. Kf2 g5 27. Nb3
Bb6 28. Nd4 h5 29. Rh1 h4 30. Rh3 Kf7 31. Ke2 hxg3 32. Rh7+ Kg6 33. Rxb7 gxf4
34. Rxa6 Bxd4 0-1

[Event "32. Copenhagen Open (Politiken Cup)"]
[Site "Elsinore"]
[Date "2010.08.02"]
[Round "4"]
[White "Kovchan, Alexander"]
[Black "Nilsson, Anders1"]
[Result "1-0"]
[WhiteElo "2571"]
[BlackElo "2160"]
[PlyCount "53"]
[EventDate "2010.07.31"]
[EventType "swiss"]
[EventRounds "10"]
[EventCountry "DEN"]
[Source "ChessBase"]
[SourceDate "2010.09.01"]

1. e4 e6 2. d4 d5 3. Nc3 Bb4 4. e5 Ne7 5. a3 Bxc3+ 6. bxc3 c5 7. Qg4 O-O 8. Bd3
Nbc6 9. Qh5 Ng6 10. Nf3 Qc7 11. Be3 c4 12. Bxg6 fxg6 13. Qg4 Bd7 14. h4 Rf5 15.
h5 gxh5 16. Rxh5 Raf8 17. Ng5 Qa5 18. Bd2 Rf4 19. Qh3 Rxf2 20. Nf3 R2xf3 21.
gxf3 h6 22. Ke2 Kf7 23. Rg1 Rg8 24. Rxh6 Ne7 25. Qh5+ Kf8 26. Rf6+ gxf6 27.
Bh6+ 1-0